Statistics for Baseball Top 100 Career Home Runs

Click here to take the quiz!

General Stats

  • This quiz has been taken 18,794 times
    (2,529 since last reset)
  • The average score is 59 of 100

Answer Stats

HRTeamPlayer% Correct
714YankeesBabe Ruth
99%
762GiantsBarry Bonds
98%
755BravesHank Aaron
95%
696YankeesAlex Rodriguez
93%
703CardinalsAlbert Pujols
92%
630MarinersKen Griffey
91%
609CubsSammy Sosa
90%
583AthleticsMark McGwire
88%
354RedsLee May
87%
660GiantsWillie Mays
87%
536YankeesMickey Mantle
85%
368AngelsMike Trout
85%
521Red SoxTed Williams
84%
426CubsBilly Williams
83%
541Red SoxDavid Ortiz
83%
378GiantsMatt Williams
83%
612IndiansJim Thome
82%
511TigersMiguel Cabrera
80%
468BravesChipper Jones
79%
521White SoxFrank Thomas
79%
434BravesAndruw Jones
78%
493YankeesLou Gehrig
77%
563AthleticsReggie Jackson
77%
586RedsFrank Robinson
76%
548PhilliesMike Schmidt
76%
402MarlinsGiancarlo Stanton
75%
512CubsErnie Banks
73%
573TwinsHarmon Killebrew
73%
555Red SoxManny Ramirez
72%
389RedsJohnny Bench
71%
386CubsAramis Ramirez
70%
431OriolesCal Ripken
70%
361YankeesJoe DiMaggio
69%
449ExposVladimir Guerrero
69%
475CardinalsStan Musial
68%
449AstrosJeff Bagwell
66%
434RangersJuan Gonzalez
66%
354DiamondbacksLuis Gonzalez
66%
452Red SoxCarl Yastrzemski
65%
462AthleticsJose Canseco
65%
534AthleticsJimmie Foxx
64%
383RockiesLarry Walker
64%
521GiantsWillie McCovey
64%
396Blue JaysJoe Carter
63%
464MarinersNelson Cruz
63%
369RockiesTodd Helton
63%
382SenatorsFrank Howard
62%
569RangersRafael Palmeiro
62%
382PhilliesRyan Howard
62%
475PiratesWillie Stargell
62%
358YankeesYogi Berra
61%
504OriolesEddie Murray
60%
427DodgersMike Piazza
60%
477RangersAdrian Beltre
58%
511GiantsMel Ott
56%
399TigersAl Kaline
55%
512BravesEddie Mathews
55%
438ExposAndre Dawson
52%
493Blue JaysFred McGriff
51%
509DodgersGary Sheffield
51%
356RedsJoey Votto
51%
462RedsAdam Dunn
50%
350AngelsChili Davis
50%
473Blue JaysCarlos Delgado
49%
407DodgersDuke Snider
49%
352BrewersRyan Braun
49%
440YankeesJason Giambi
48%
381IndiansAlbert Belle
47%
465YankeesDave Winfield
47%
377GiantsJeff Kent
46%
382Red SoxJim Rice
46%
398BravesDale Murphy
45%
435MetsCarlos Beltran
44%
439White SoxPaul Konerko
44%
376White SoxCarlton Fisk
43%
424Blue JaysEdwin Encarnacion
43%
399RockiesAndres Galarraga
42%
366AstrosLance Berkman
41%
369PiratesRalph Kiner
41%
379RedsTony Perez
41%
442MetsDave Kingman
39%
409YankeesMark Teixeira
39%
414GiantsDarrell Evans
38%
385Red SoxDwight Evans
38%
348RedsGeorge Foster
38%
412CubsAlfonso Soriano
37%
393CardinalsJim Edmonds
36%
358White SoxCarlos Lee
35%
355BrewersGreg Vaughn
35%
384White SoxHarold Baines
35%
353TwinsTorii Hunter
32%
351PhilliesDick Allen
31%
390YankeesGraig Nettles
31%
359CardinalsJohnny Mize
31%
379GiantsOrlando Cepeda
31%
370DodgersGil Hodges
29%
352RockiesEllis Burks
28%
360TwinsGary Gaetti
28%
377TigersNorm Cash
27%
374IndiansRocky Colavito
25%

Score Distribution

Percentile by Number Answered

Percent of People with Each Score

Your Score History

You have not taken this quiz since the last reset